Weezer - Tired of Sex (lyrics) - Statistics

General Stats
  • This quiz has been taken 22 times
  • The average score is 69 of 123
Answer Stats
Answer % Correct
I'm
100%
so
100%
tired
100%
tired
100%
having
94%
I'm
94%
of
94%
sex
94%
tired
94%
I'm
88%
(so
88%
tired)
88%
so
81%
I
75%
spread
75%
thin
75%
am
69%
don't
69%
I
69%
I'm
69%
know
69%
makin'
69%
Monday
69%
night
69%
Tuesday
69%
who
69%
am)
63%
(I
63%
I'm
63%
I'm
63%
Jen
63%
makin'
63%
night
63%
night
63%
Wednesday
63%
ashamed
56%
be
56%
beat
56%
beet
56%
can't
56%
come
56%
I
56%
I
56%
I'm
56%
love
56%
makin'
56%
makin'
56%
of
56%
oh
56%
red
56%
said
56%
true?
56%
what
56%
why
56%
a
50%
be
50%
but
50%
can't
50%
can't
50%
come
50%
Denise
50%
Friday
50%
I
50%
I
50%
I
50%
I
50%
I'm
50%
I'm
50%
I'm
50%
I'm
50%
I'm
50%
know
50%
Louise
50%
love
50%
Lynn
50%
makin'
50%
makin
50%
makin'
50%
makin'
50%
night
50%
night
50%
night
50%
no
50%
no)
50%
oh
50%
said)
50%
Saturday
50%
say
50%
(say
50%
sinner
50%
sorry
50%
Thursday
50%
true?
50%
(what
50%
why
50%
Catherine
44%
come
44%
go
44%
I
44%
true?
44%
be
38%
beggin'
38%
can't
38%
down
38%
here
38%
I
38%
I'm
38%
I'm
38%
knees
38%
love
38%
makin'
38%
my
38%
oh
38%
on
38%
please
38%
tonight
38%
tonight
38%
tonight
38%
tonight
38%
why
38%
you
38%
please
31%
Sharise
31%
No matching quizzes found
Score Distribution
Percent of People with Each Score
Percentile by Number Answered
Your Score History
You have not taken this quiz